• 首页
  • 本馆介绍
  • 公告通知
  • 最新文献
  • 馆藏检索
  • 电子资源
  • 读者导购
  • 参考咨询
  • 我的图书馆
  • 登录
  • 详细信息显示
  • 放入我的书架
  • 预约/预借图书
  • 作者相关作品
  • 分类相关作品
  • 丛书相关作品
  • 出版社相关作品

书目信息

  • 表格格式
  • 工作单格式
  • 卡片格式
题名:
图解单张纸胶印设备
    
 
作者: 陈虹 , 赵志强 编著
分册:  
出版信息: 北京   文化发展出版社  2019
页数: 152页
开本: 26cm
丛书名:
单 册:
中图分类: TS825-64
科图分类:
主题词: 胶版印刷--jiao ban yin shua--平版印刷机--图解
电子资源:
ISBN: 978-7-5142-2295-1
000 01182nam0 2200289 450
001 012001003442
005 20140130162056.0
010    @a978-7-5142-2295-1@dCNY68.00
099    @aCAL 012019081821
100    @a20190624d2019 em y0chiy50 ea
101 0  @achi
102    @aCN@b110000
105    @aak a 000yy
106    @ar
200 1  @a图解单张纸胶印设备@Atu jie dan zhang zhi jiao yin she bei@f陈虹, 赵志强编著
210    @a北京@c文化发展出版社@d2019
215    @a152页@c图@d26cm
320    @a有书目 (第152页)
330    @a本书主要是用图说的方式介绍了单张纸胶印设备, 本书采用图片和文字对照的形式, 形象描述和讲解了常用单张纸胶印设备的发展历程、类型特点、结构原理、安装使用、维护保养及技术发展等知识, 本书主要包括四章, 分别是: 单张纸胶印设备的发展历程、单张纸胶印设备的结构原理、单张纸胶印设备的技术发展、单张纸胶印设备的生产应用。
333    @a印刷机械相关专业学生
517 1  @a单张纸胶印设备@Adan zhang zhi jiao yin she bei
606 0  @a胶版印刷@Ajiao ban yin shua@x平版印刷机@j图解
690    @aTS825-64@v5
701  0 @a陈虹@AChen Hong@4编著
701  0 @a赵志强@AZhao Zhiqiang@4编著
801  0 @aCN@b北京卓展@c20191020
905    @b1211653-6@dTS825-64@e85@f4
    
    图解单张纸胶印设备/陈虹, 赵志强编著.-北京:文化发展出版社,2019
    152页:图;26cm
    使用对象:印刷机械相关专业学生
    
    ISBN 978-7-5142-2295-1:CNY68.00
    本书主要是用图说的方式介绍了单张纸胶印设备, 本书采用图片和文字对照的形式, 形象描述和讲解了常用单张纸胶印设备的发展历程、类型特点、结构原理、安装使用、维护保养及技术发展等知识, 本书主要包括四章, 分别是: 单张纸胶印设备的发展历程、单张纸胶印设备的结构原理、单张纸胶印设备的技术发展、单张纸胶印设备的生产应用。
●
相关链接 在E读中查询图书 在五车中查询图书 在当当中查询图书 在豆瓣中查询图书


正题名:图解单张纸胶印设备     索取号:TS825-64/85         预约/预借

序号 登录号 条形码 馆藏地/架位号 状态 备注
1 1211653   212116538   第二样本阅览室/ [索取号:TS825-64/85] 在馆    
2 1211654   212116547   第三借阅区/ [索取号:TS825-64/85] 在馆    
3 1211655   212116556   第三借阅区/ [索取号:TS825-64/85] 在馆    
4 1211656   212116565   第三借阅区/ [索取号:TS825-64/85] 在馆    
唐山师范学院图书馆 欢迎您!
大连网信软件有限公司© 版权所有